000
00407nam a2200169Ia 4500
008
090711s9999 xx 000 0 und d
082
_b
67063
100
_a
ओक जनार्दन
245
_a
माग
260
_c
1991
300
_a
156
600
_a
ओक जनार्दन
630
_a
माग
700
_a
ओक जनार्दन
730
_a
माग
942
_c
BOOK
999
_c
295495
_d
295495